Регионална библиотека "Любен Каравелов" - Русе

Carmela (Запис номер 421356)

MARC детайли
000 -Лидер
Контролно поле с фиксирана дължина nam a22 a 4500
003 - Код на организацията, давaща контролен номер
Контролно поле BLK
005 - Дата и час на последна редакция
Контролно поле 20210624115533.0
008 - Елементи от данни с фиксирана дължина
fixed length control field 180408b bul|||||r ||||||| ||bul||
040 ## - Източник на каталожния запис
Идентификатор на билиотеката - собственик на записа BLK
041 ## - Код за език
Код за езика на текст/звукозапис или на отделно заглавие Френски
Код за езика КДБФ Френски
080 ## - УДК
Текстов определител УДК Френска литература
УДК код - определител по УДК 821.133.1
УДК определител -31
УДК - код + определител 821.133.1-31
100 ## - Редна дума - Автор
Автор Cantacuzene Altieri, Olga
Авторска отговорност първи автор
R(LIN) 458738
139 ## - Редно поле
Редна дума Cantacuzene Altieri, Olga
245 10 - Сведения за заглавието
Заглавие Carmela
Подзаглавни данни T. 1
Редно поле (дума) Olga Cantacuzene
Физически носител (вид на носителя)
Том Т. 1
250 ## - Област на изданието
Сведения за изданието 2. Ed.
260 ## - Област на издателските данни
9 (RLIN) 215628
Място на издаване, разпространение и проч. Paris
Име на издателя, разпространителя и проч. Emile-Paul Freres
Година на издаване 1875 -
300 ## - Физическа характеристика
Размери/Мащаб 17 см
380 ## - Жанр
Жанр Худож. лит.
490 ## - СЕРИИ (Колекции)
9 (RLIN) 435080
Име на серия Колекция Редки и ценни издания
760 ## - Описание на основната серия
Редна дума на основното описание Cantacuzene Altieri, Olga
Издание 2. ed.
Място на издаване, издател и година Paris, 1875
Страници - том 343 p.
Част - том Т. 1
852 ## - Местоположение
Форматна сигнатура Рф 875
Фондова буква Редки и ценни
999 ## - СИСТЕМНИ КОНТРОЛНИ НОМЕРА
Koha biblionumber 421356
Koha biblioitemnumber 421356
942 ## - АРТИКУЛИ
Вид на библиотечния материал Книги
Скрит в OPAC Не
Периодичен библиозапис Да
944 ## - СЪЗДАВАНЕ И РЕДАКЦИЯ на ЗАПИСА
Създаване/Редакция Редакция
Дата на регистрацията/редакция 2021-06-24
Служител, извършил регистрацията/редакцията ГГГ
Наличности
Код за отписване Код за изгубен артикул Източник на класификационната схема Код за повреда Коз за рестрикции Код за отдаване Артикулен № Име на библиотеката - собственик Име на библиотеката, в която се намира в момента Статус (Текущо местоположение) Дата на вписване в системата Местоположение - отдел Цена в лева Инвентарен номер Систематично азбучна сигнатура Баркод Цена в евро Служебен тип на артикула
  Не е изгубен Universal Decimal Classification Не е повреден само за читалня Специални фондове ( старопечатни, редки и ценни, фонд М. Арнаудов) 856165 Регионална библиотека "Любен Каравелов" Русе Регионална библиотека "Любен Каравелов" Русе Редки и ценни 2021-09-28 Редки и ценни 0.27 5091 Рф 875 900000066888 0.14 Книги
Vip Innovations Ltd, Rousse, Bulgaria 2025